000 00755nam a2200265Ia 4500
001 2923
005 20240113233602.0
007 ta
008 170327s2004 ii g b000 u 465 u
020 _a81-7391-702-7
040 _aCotton College,Assam
041 _aeng
082 _a370.341
_bSh 86 En
100 _aShrivastava, K K .
245 0 _aEnvironmental Education: Principles, Concepts and Management /
_cK K Shrivastava.
_hTextual Documents
250 _aIst ed /
260 _aNew Delhi :
_bKanishka Publishers, Distributors ,
_c2004.
300 _a456p. ;
_c22 cm.
504 _aBibliography, Index
653 _aEducation - Environment
942 _2ddc
_cBK
999 _c2911
_d2911